|
|
|
|
| LEADER |
00000nab a2200000 a 4500 |
| 001 |
vtls000245848 |
| 003 |
SK-MaSNL |
| 005 |
20260304213050.0 |
| 008 |
250422c1986 xo 0 slo |
| 015 |
|
|
|a SNBRB19rr/mm-uuuuu
|
| 035 |
|
|
|a CL0255962
|
| 035 |
|
|
|a urn:nbn:sk:snk-abbfo9
|
| 035 |
|
|
|a (urnnbn)urn:nbn:sk:snk:ar-000kxt
|
| 035 |
|
|
|a (uuid)b191346b-5049-484f-86a7-d7af370418aa
|
| 040 |
|
|
|a SNKBUCL
|b slo
|c SNKBUCL
|e AACR2
|
| 041 |
0 |
|
|a slo
|
| 044 |
|
|
|a xo
|c SK
|
| 080 |
|
|
|a 023.5:331.875
|2 1981
|
| 080 |
|
|
|a 331.875
|2 1981
|
| 080 |
|
|
|a 027.5(437.6)
|2 1981
|
| 100 |
1 |
|
|a Dolinská, Eva,
|d 1949-1992
|4 aut
|9 101404
|
| 245 |
1 |
0 |
|a Zasadnutie komisie BVĽK
|c E.D.
|
| 650 |
0 |
7 |
|a verejné knižnice
|2 snkbucl
|9 28929
|
| 650 |
0 |
7 |
|a Budujeme vzornú ľudovú knižnicu
|2 snkbucl
|9 1015977
|
| 773 |
0 |
|
|t Čitateľ
|g Roč. 35, č. 5 (1986), s. 176-177
|
| 850 |
|
|
|a Slovenská národná knižnica
|
| 852 |
|
|
|a Slovenská národná knižnica
|
| 954 |
|
|
|a odborná, vedecká literatúra pôvodná (slovenská)
|2 lita
|
| 958 |
|
|
|a article15
|
| 958 |
|
|
|a KL
|
| 958 |
|
|
|a OND
|
| 958 |
|
|
|a EUIPO
|
| 999 |
|
|
|c 3134104
|d 3136034
|